000
00469nam a2200181Ia 4500
008
090123s9999 xx 000 0 und d
082
_b
14056
_a
891.463/कदम
100
_a
कदम बाबा
245
_a
भालू
250
_a
1
260
_b
मनोरमा प्रकाशन
300
_a
210
600
_a
कदम बाबा
630
_a
भालू
700
_a
कदम बाबा
730
_a
भालू
942
_c
BOOK
999
_c
52118
_d
52118